<?xml version="1.0" encoding="UTF-8"?>
<record
    xmlns:xsi="http://www.w3.org/2001/XMLSchema-instance"
    xsi:schemaLocation="http://www.loc.gov/MARC21/slim http://www.loc.gov/standards/marcxml/schema/MARC21slim.xsd"
    xmlns="http://www.loc.gov/MARC21/slim">

  <leader>03745nam a2200289   4500</leader>
  <controlfield tag="003">DO-SdUA</controlfield>
  <controlfield tag="005">20250325093535.0</controlfield>
  <controlfield tag="008">      s2020    dr  || |||| 0 |a||0|spa d</controlfield>
  <datafield tag="040" ind1=" " ind2=" ">
    <subfield code="a">DO-SdUA</subfield>
    <subfield code="b">spa</subfield>
    <subfield code="c">DO-SdUA</subfield>
  </datafield>
  <datafield tag="041" ind1="0" ind2=" ">
    <subfield code="a">spa</subfield>
  </datafield>
  <datafield tag="092" ind1=" " ind2=" ">
    <subfield code="a">MA-EFD 0081 FCE 2020</subfield>
  </datafield>
  <datafield tag="100" ind1="1" ind2=" ">
    <subfield code="a">Le&#xF3;n Pep&#xE9;n, Francisco Alberto de </subfield>
  </datafield>
  <datafield tag="245" ind1="1" ind2="0">
    <subfield code="a">Metodolog&#xED;a de ense&#xF1;anza de la lateralidad y su incidencia en los estudiantes de segundo grado nivel primaria, Escuela Norma Elena Poueriet Hig&#xFC;ey /</subfield>
    <subfield code="c">Francisco Alberto de Le&#xF3;n Pep&#xE9;n.</subfield>
  </datafield>
  <datafield tag="246" ind1="3" ind2="3">
    <subfield code="a">Metodolog&#xED;a de ense&#xF1;anza de la lateralidad y su incidencia en los estudiantes de segundo grado nivel primaria, Escuela Norma Elena Poueriet, Hig&#xFC;ey, provincia La Altagracia, 2018-2019</subfield>
  </datafield>
  <datafield tag="260" ind1=" " ind2=" ">
    <subfield code="a">San Pedro de Macor&#xED;s :</subfield>
    <subfield code="b">UASD,</subfield>
    <subfield code="c">2020.</subfield>
  </datafield>
  <datafield tag="300" ind1=" " ind2=" ">
    <subfield code="a">43 h. :</subfield>
    <subfield code="b">il.</subfield>
  </datafield>
  <datafield tag="502" ind1=" " ind2=" ">
    <subfield code="a">Tesis y trabajo de grado (Maestr&#xED;a en Educaci&#xF3;n F&#xED;sica y Deporte)--Universidad Aut&#xF3;noma de Santo Domingo, San Pedro de Macor&#xED;s, 2020.</subfield>
  </datafield>
  <datafield tag="504" ind1=" " ind2=" ">
    <subfield code="a">Incluye referencias bibliogr&#xE1;ficas y anexos.</subfield>
  </datafield>
  <datafield tag="520" ind1="3" ind2=" ">
    <subfield code="a">El objetivo general de esta investigaci&#xF3;n fue determinar la incidencia de las estrategias metodol&#xF3;gicas implementadas por los docentes de segundo grado en la afirmaci&#xF3;n de la lateralidad de los alumnos de la Escuela Norma Elena Poueriet Hig&#xFC;ey, provincia La Altagracia, 2018-2019. Esta investigaci&#xF3;n es descriptiva con un enfoque mixto y dise&#xF1;o no experimental. Se utilizaron las t&#xE9;cnicas de la observaci&#xF3;n, y como instrumentos se utilizaron una gu&#xED;a de observaci&#xF3;n y un test. La poblaci&#xF3;n estuvo representada por 744 estudiantes de segundo grado de primaria y 2 docentes de educaci&#xF3;n f&#xED;sica, de donde se seleccion&#xF3; una muestra de 1 docente de educaci&#xF3;n f&#xED;sica y 35 estudiantes. Se concluye que durante el desarrollo de la investigaci&#xF3;n se constat&#xF3; que as estrategias metodol&#xF3;gicas implementadas por la parte docente incidi&#xF3; de forma negativa en el desarrollo de los contenidos referidos a la lateralidad, pues los datos obtenidos mostraron que la mayor&#xED;a de los alumnos no ten&#xED;an una afirmaci&#xF3;n homog&#xE9;nea de la lateralidad. La parte docente se bas&#xF3; fundamentalmente en uso del mando directo y el mando directo modificado, estableciendo una rutina did&#xE1;ctica continua sin variaciones y sin aprovechar la experiencia previa de los alumnos. En cuanto a la dominancia lateral de los alumnos de segundo grado del referido centro educativo se puso en evidencia que en la mayor parte de los alumnos no hay una definici&#xF3;n de la lateralidad, con una tendencia a la lateralidad heterog&#xE9;nea poco definida y con tendencia a lateralidad cruzada, es decir, no hay una lateralidad homog&#xE9;nea afirmada. Se recomend&#xF3; promover la capacitaci&#xF3;n y acompa&#xF1;amiento de los docentes del primer ciclo de primaria para orientar metodol&#xF3;gicamente la importancia del proceso de descubrimiento y afirmaci&#xF3;n de la lateralidad en esos grados. Con el apoyo de los docentes llevar esas mismas orientaciones a los familiares quienes son los primeros en descubrir la lateralidad de los ni&#xF1;os y orientarle en la importancia de afirmaci&#xF3;n de una lateralidad homog&#xE9;nea para el desarrollo psicomotor del ni&#xF1;o. Elaborar manuales did&#xE1;cticos para los procesos de descubrimiento y afirmaci&#xF3;n de la lateralidad. Desarrollar jornada de orientaci&#xF3;n did&#xE1;ctica a los docentes del primer ciclo de primaria</subfield>
  </datafield>
  <datafield tag="530" ind1=" " ind2=" ">
    <subfield code="a">Tambi&#xE9;n disponible en CD-ROM (MA-EFD 0081 FCE 2020).</subfield>
  </datafield>
  <datafield tag="650" ind1=" " ind2="7">
    <subfield code="2">lemb</subfield>
    <subfield code="9">50888</subfield>
    <subfield code="a">Lateralidad (Fisiolog&#xED;a)</subfield>
    <subfield code="x">Ense&#xF1;anza</subfield>
    <subfield code="x">Metodolog&#xED;a</subfield>
  </datafield>
  <datafield tag="650" ind1=" " ind2="7">
    <subfield code="2">lemb</subfield>
    <subfield code="9">10542</subfield>
    <subfield code="a">Educaci&#xF3;n primaria</subfield>
  </datafield>
  <datafield tag="650" ind1=" " ind2="7">
    <subfield code="2">lemb</subfield>
    <subfield code="9">10444</subfield>
    <subfield code="a">Educaci&#xF3;n f&#xED;sica</subfield>
  </datafield>
  <datafield tag="651" ind1="1" ind2="0">
    <subfield code="9">59226</subfield>
    <subfield code="a">Higuey (Provincia La Altagracia) </subfield>
  </datafield>
  <datafield tag="830" ind1=" " ind2=" ">
    <subfield code="a">Tesis y disertaciones acad&#xE9;micas (Universidad Aut&#xF3;noma de Santo Domingo)</subfield>
  </datafield>
  <datafield tag="942" ind1=" " ind2=" ">
    <subfield code="2">cl</subfield>
    <subfield code="c">T</subfield>
    <subfield code="n">0</subfield>
  </datafield>
  <datafield tag="999" ind1=" " ind2=" ">
    <subfield code="c">12651</subfield>
    <subfield code="d">12651</subfield>
  </datafield>
</record>
